| 000 | 00731nam a22002297a 4500 | ||
|---|---|---|---|
| 003 | OSt | ||
| 005 | 20260424084200.0 | ||
| 008 | 260424b |||||||| |||| 00| 0 eng d | ||
| 020 | _a1-55934-983-2 | ||
| 040 |
_aDWC-Main lib _cOC |
||
| 082 | _aCirc. 808 G551 2001 | ||
| 100 | _aJacobsen, Craigmen B. | ||
| 245 |
_aScenarios for writing : _bissues, analysis and response/ _cCraig B. Jacobsen |
||
| 260 |
_aBoston : _bMcGraw-Hill, _cc2001. |
||
| 300 |
_axx, 508 pages ; _c23 cm. |
||
| 504 | _aIncludes bibliographical references and index. | ||
| 650 | _a1. English language - Rhetoric | ||
| 650 | _a2. Narration (Rhetoric). | ||
| 650 | _a3. Report writing. | ||
| 700 | _aGlau, Gregory R. | ||
| 942 |
_2ddc _cBK-CIRC _hCirc. _n0 |
||
| 999 |
_c9863 _d9863 |
||